| 000 | 00501nam a22001697a 4500 | ||
|---|---|---|---|
| 005 | 20251108165955.0 | ||
| 008 | 250721s1992 xx 000 0 ara d | ||
| 082 | 1 | 4 | _aق/أحم |
| 100 | 1 | _aعوض، أحمد رفيق | |
| 245 | 1 | 0 | _aرواية العذراء و القرية / |
| 264 | 1 |
_aالقدس : _bإتحاد الكتاب الفلسطينيين، _c1992. |
|
| 300 | _a321ص | ||
| 650 | 1 | 7 | _aالأدب القصصي |
| 650 | 1 | 7 | _aالأدب العربي |
| 942 |
_2ddc _cBK |
||
| 999 |
_c36305 _d36305 |
||